000 01877cam a22004814i 4500
003 PE-LiUPU
005 20250731165548.0
008 150625s1988 txu r 000 0 eng d
035 _a(Sirsi) a34285
035 _a(Sirsi) a34285
040 _aPE-LiUPU
_bspa
_cPE-LiUPU
_erda
049 _aPRUA
082 0 4 _a225.7
_bWBUL
_221
100 1 _aMichaels, J. Ramsey,
_eautor.
245 1 0 _aWord biblical commentary 1 Peter /
_cJ. Ramsey Michaels.
264 1 _aWaco, Texas :
_bWord Books,
_c1988.
300 _a337 páginas ;
_c24 centímetros
336 _atext
_2rdacontent
337 _aunmediated
_2rdamedia
338 _avolume
_2rdacarrier
505 0 _aPeter in the New testament. -The death of peter. -Peter and 1 Peter. -Rejoincing and Faith. -The Witness of salvation. -Hope and Holiness. -Eternal love. -Spitual milk. -love of enemies. -A promise of vindication. -Humility in the congregation. -The fiery trial. -Humuliti and exaltation.
526 _aSEG44
526 _aSEG26
526 _aP151
526 _aP150
526 _aP149
526 _aP146
526 _aP145
526 _aP126
526 _aP125
526 _aP92
526 _aP75
526 _aP74
526 _aP27
526 _aP15
630 _aBiblia.
_pN.T.
_pPedro 1
_xComentarios.
942 _2ddc
_cBOOK
949 _aRC 225.7 WBUL
_wDEWEY
_c1
_i37766
_lRC
_mBUL
_r0
_sY
_tBOOK
_u2015-6-25
_xBIBLIOTECA
_zUNKNOWN
_0COMPRA
_o.CIRCNOTE. No olvidar cambiar la fecha de devolución!!!!!!!
_o.STAFF. Colección General
994 _aC0
_bPEPRU
596 _a1
999 _aRC 225.7 WBUL
_wDEWEY
_c42125
_i37766
_d42125
_e2016-1-21
_f2021-11-8
_g6
_lCCODEBUL1
_mBUL
_n5
_p17.00
_q6
_r1
_sY
_tBOOK
_u2015-6-25
_xTEOLOGIA
_PP35
_0COMPRA
_o.CIRCNOTE. No olvidar cambiar la fecha de devolución!!!!!!!
_o.STAFF. Colección Teología
980 _81
_gALBERTO SANCHEZ Responsable de Automatización